000 01121nam a22002537a 4500
005 20240530110427.0
008 150204s2011 ua g b 000 0 ara d
017 _a1569/2011
_bمصر . دار الكتب المصرية
020 _a9776264482
040 _aEG-CaGPL
041 0 _aara
082 0 4 _221
_a346.092\
_bر ح
100 0 _aرمضان على عبدالكريم دسوقى عامر
245 1 2 _aالحماية القانونية للاستثمارات الاجنبية المباشرة ودور التحكيم فى تسوية المنازعات الخاصة بها /
_cرمضان على عبدالكريم دسوقى عامر
250 _aط1
260 _aالقاهرة :
_bالمركز القومى للاصدارات القانونية ،
_c2011
300 _a538 ص ؛
_c24 سم
504 _aيشتمل على ارجاعات ببليوجرافية
650 0 4 _aالاستثمارات الاجنبية
_xحماية قانونية
650 0 4 _aالتحكيم الدولى
650 0 4 _aالمنازعات الخاصة
942 _2ddc
_cBK
999 _c60762
_d60762